Logo

Description automatically generated
विद्यार्जन
 संसाधन केंद्र, भारतीय प्रौद्योगिकी संस्थान इन्दौर
Learning Resource Center, Indian Institute of Technology Indore

ऑनलाइन सार्वजनिक अभिगम प्रसूची
Online Public Access Catalogue (OPAC)

SSA : orbital debris, space weather, and planetary defense (Record no. 53136)

MARC details
000 -LEADER
fixed length control field 00586nam a22002057a 4500
005 - DATE AND TIME OF LATEST TRANSACTION
control field 20260327153957.0
008 - FIXED-LENGTH DATA ELEMENTS--GENERAL INFORMATION
fixed length control field 260327b |||||||| |||| 00| 0 eng d
020 ## - INTERNATIONAL STANDARD BOOK NUMBER
International Standard Book Number 9781685691110
Qualifying information hb
082 ## - DEWEY DECIMAL CLASSIFICATION NUMBER
Classification number 629.47
Item number KEN
100 ## - MAIN ENTRY--PERSONAL NAME
Personal name Kennewell , John A.
245 ## - TITLE STATEMENT
Title SSA : orbital debris, space weather, and planetary defense
260 ## - PUBLICATION, DISTRIBUTION, ETC.
Place of publication, distribution, etc. Boston
Name of publisher, distributor, etc. Artech House
Date of publication, distribution, etc. 2026
300 ## - PHYSICAL DESCRIPTION
Extent xvi, 389p. ; 26cm.
653 ## - INDEX TERM--UNCONTROLLED
Uncontrolled term Environnement spatial
653 ## - INDEX TERM--UNCONTROLLED
Uncontrolled term Space debris
653 ## - INDEX TERM--UNCONTROLLED
Uncontrolled term Space environment
653 ## - INDEX TERM--UNCONTROLLED
Uncontrolled term Space surveillance
653 ## - INDEX TERM--UNCONTROLLED
Uncontrolled term Hazard mitigation
942 ## - ADDED ENTRY ELEMENTS (KOHA)
Source of classification or shelving scheme Dewey Decimal Classification
Koha item type Book
Holdings
Withdrawn status Lost status Source of classification or shelving scheme Damaged status Not for loan Home library Current library Shelving location Date acquired Source of acquisition Total Checkouts Full call number Barcode Date last seen Price effective from Koha item type
    Dewey Decimal Classification     LRC, IIT Indore LRC, IIT Indore 2nd Floor - General Stack 27/03/2026 PO_2025-26_PO-89 ,Vendor: Feel Books Pvt. Ltd, New Delhi ; Inv. No.: D/CRB25-26/1906, 16.03.2026 ; Price: GBP 104.00   629.47 KEN 38796 30/03/2026 27/03/2026 Book
Copyright © 2024, 2021, 2017 Indian Institute of Technology Indore. All Rights Reserved.
Managed & maintained by Learning Resource Center, IIT Indore